000 00423nam a2200157 4500
001 113801
003 ES-MaACL
005 20230906190017.0
007 t|
008 061121s1969 sp r ||||1| spa d
100 1 _aPadilla, Pedro Pablo.
_988177
245 1 0 _aCasa Paco
_b: novela /
_cPedro Pablo Padilla.
260 _aMadrid :
_bLiteroy,
_c1969.
300 _a368 p. ;
_c20 cm.
852 _aES-MaACL
_jC-39738
_bR.73454
999 _c113801
_d113801